000 00527nam a22001817a 4500
999 _c525108
_d525108
003 NUST
038 _aFaiza
082 _a891.421
_bFAR
100 _aFareed, Muhammad
_915887
245 _aChehap Nashan /
_cMuhammad Fareed
260 _aAbtabad :
_bHindaku Adabi Sangat,
_c1997.
300 _a112 p. ;
500 _aPapercover.
880 _6100-01\r
_aمحمد فرید
880 _6245-02\r
_aچہپ نماشاں /
880 _6260-03\r
_aایبٹ آباد :
_bہندکو ادبی سنگت,
_c۱۹۹۷.
942 _2ddc
_cBK